| 000 | 00464nam a22001937a 4500 | ||
|---|---|---|---|
| 005 | 20240612052633.0 | ||
| 008 | 240612b |||||||| |||| 00| 0 eng d | ||
| 020 | _a9781473902367 | ||
| 082 |
_222 _a302 _bMED |
||
| 100 | _aHodkinson, Paul | ||
| 245 |
_aMedia Culture and Society _cPaul, Hodkinson |
||
| 250 | _a2nd | ||
| 260 |
_bSage Publications _c2017 |
||
| 300 | _axi, 326 p ., | ||
| 650 | _aMedia | ||
| 650 | _aCulture | ||
| 650 | _asociety | ||
| 942 | _cL | ||
| 999 |
_c5893 _d5893 |
||